00457 2200181 4500245005300000020002200053250001100075100002100086700001100107700001000118650001700128005001900145260004100164041001400205084001300219300003400232336000900266 aCodeb : Breaker Vol. 5cKamijyo, AkiminehText a978-602-02-0229-7 aCet. 1 aKamijyo, Akimine aFaizal aAri N aKomik Jepang a20230908092651 aJakartabElex Media Komputindoc2012 aIndonesia a741.5592 a... jil. :bilus. ;c17,5 cm. atext